000 00460nam a2200181Ia 4500
001 24565
005 20260414151052.0
008 260414t2010||||xx |||||||||||||| ||spa||
041 _aESP
082 _a345.721
_bB141 V. 13
100 _aCollantes González, Jorge Luis
_eAUT
245 0 _aArbitraje :
_bpanorama actual del arbitraje
260 _c2010
300 _a431 páginas :
_c24 cm.
650 _aDER
654 _aCDE
942 _cLIB
_dJUS
_fJUS
_2ddc
_n
999 _c24565
_d24565